000 00551nam a2200193Ia 4500
001 14794
003 GE_BSU
008 181216s||||||||xx |||||||||||||| ||und||
040 _cGE_BSU
080 _a511(0752)
100 _aАндронов, И.К. Окунев, А.К.
245 _aАрифметика рациональных чисел .
260 _aМосква
260 _bПросвещение.
260 _c1971.
300 _a398стр.22см.
653 _aАрифметика рационалъных чисел .
942 _cBK
999 _c47917
_d47917